Yorkshire Traction Co Ltd v South Yorkshire Passenger Transport Executive (Record no. 72347)
[ view plain ]
| 000 -LEADER | |
|---|---|
| fixed length control field | 01812cam a2200241 4500 |
| 001 - CONTROL NUMBER | |
| control field | ABS66509 |
| 008 - FIXED-LENGTH DATA ELEMENTS--GENERAL INFORMATION | |
| fixed length control field | 030325n2003 000 0 eng u |
| 035 ## - SYSTEM CONTROL NUMBER | |
| System control number | (Sirsi) u121733 |
| 245 ## - TITLE STATEMENT | |
| Title | Yorkshire Traction Co Ltd v South Yorkshire Passenger Transport Executive |
| 260 ## - PUBLICATION, DISTRIBUTION, ETC. | |
| Date of publication, distribution, etc. | 2003 |
| 490 ## - SERIES STATEMENT | |
| Series statement | Rating and Valuation Reporter |
| Volume/sequential designation | [2003] RVR 67-100(34) |
| 520 ## - SUMMARY, ETC. | |
| Summary, etc. | LT 16 December 2002. Claimants (Y) sought compensation for a bus station and offices compulsorily purchased by acquiring authority (S). Open market value was to be assessed under Land Compensation Act 1961 s5 rule 2. Y's valuation of £860 000 was based upon an assessment of what a purchaser would have paid by reference to receipts and expenditure. S's valuation of £671 873 was supported by a depreciated replacement cost valuation. LT held that £782 776 compensation should be paid. Value of land taken was £672 000. No compensation was payable for additional rent on the new premises. Y failed to prove claims for loss of revenue and the cost of advertising to bring back lost passengers. View judgment at www.courtservice.gov.uk/tribunals/lands_frm.htm. |
| 590 ## - LOCAL NOTE (RLIN) | |
| Local note | ABS |
| 650 ## - SUBJECT ADDED ENTRY--TOPICAL TERM | |
| Topical term or geographic name entry element | YORKSHIRE TRACTION CO LTD V SOUTH YORKSHIRE PASSENGER TRANSPORT EXECUTIVE |
| 650 ## - SUBJECT ADDED ENTRY--TOPICAL TERM | |
| Topical term or geographic name entry element | OPEN MARKET VALUE |
| 650 ## - SUBJECT ADDED ENTRY--TOPICAL TERM | |
| Topical term or geographic name entry element | RICS APPRAISAL AND VALUATION MANUAL |
| 650 ## - SUBJECT ADDED ENTRY--TOPICAL TERM | |
| Topical term or geographic name entry element | BUS STATION |
| 650 ## - SUBJECT ADDED ENTRY--TOPICAL TERM | |
| Topical term or geographic name entry element | Valuation |
| 9 (RLIN) | 6273 |
| 650 ## - SUBJECT ADDED ENTRY--TOPICAL TERM | |
| Topical term or geographic name entry element | DEPRECIATED REPLACEMENT COST |
| 690 ## - LOCAL SUBJECT ADDED ENTRY--TOPICAL TERM (OCLC, RLIN) | |
| Topical term or geographic name as entry element | ENVIRONMENTAL AND LAND CONSULTANCY-PLANNING AND DEVELOPMENT-COMPULSORY PURCHASE AND COMPENSATION |
| 856 ## - ELECTRONIC LOCATION AND ACCESS | |
| Uniform Resource Identifier | <a href="https://www.bailii.org/cgi-bin/markup.cgi?doc=/ew/cases/EWLands/2002/ACQ_191_2000.html&query=Yorkshire+and+Traction+and+Co+and+Ltd+and+passenger+and+transport+and+executive&method=boolean">https://www.bailii.org/cgi-bin/markup.cgi?doc=/ew/cases/EWLands/2002/ACQ_191_2000.html&query=Yorkshire+and+Traction+and+Co+and+Ltd+and+passenger+and+transport+and+executive&method=boolean</a> |
| Public note | view the judgment free of charge at www.bailii.org |
| 942 ## - ADDED ENTRY ELEMENTS (KOHA) | |
| Suppress in OPAC | 0 |
| Withdrawn status | Lost status | Source of classification or shelving scheme | Damaged status | Not for loan | Home library | Current library | Shelving location | Date acquired | Total Checkouts | Full call number | Barcode | Date last seen | Copy number | Price effective from | Koha item type |
|---|---|---|---|---|---|---|---|---|---|---|---|---|---|---|---|
| Dewey Decimal Classification | London | London | Journal article | 25/03/2003 | ABS66509 | 121733-1001 | 06/08/2019 | 1 | 06/08/2019 | Law report |